Industriereportagen : Als arbeiter in deutschen grobbetrieben

Uloženo v:
Podrobná bibliografie
Hlavní autor: Wallraff, Gunter
Médium: Kniha
Jazyk:Undetermined
Vydáno: Germany Rowohlt 1975
Témata:
Tagy: Přidat tag
Žádné tagy, Buďte první, kdo otaguje tento záznam!
Thư viện lưu trữ: Trung tâm Học liệu Trường Đại học Cần Thơ
LEADER 00496nam a2200181Ia 4500
001 CTU_79275
008 210402s9999 xx 000 0 und d
082 |a 331 
082 |b W215 
100 |a Wallraff, Gunter 
245 0 |a Industriereportagen : 
245 0 |b Als arbeiter in deutschen grobbetrieben 
245 0 |c Gunter Wallraff 
260 |a Germany 
260 |b Rowohlt 
260 |c 1975 
650 |a Labor and laboring classes 
980 |a Trung tâm Học liệu Trường Đại học Cần Thơ